Regulácia vlhkosti suroviny pri výrobe tehál

Enregistré dans:
Détails bibliographiques
Auteur principal: Morvay, Tomáš, 1984- (Auteur)
Autres auteurs: Dúbravská, Mária, 1953- (Directeur de thèse)
Format: Manuscrit Livre
Langue:slovaque
Publié: Bratislava : STU v Bratislave FEI, 2010
Sujets:
Accès en ligne:VAIS
Tags: Ajouter un tag
Pas de tags, Soyez le premier à ajouter un tag!

MARC

LEADER 00000ntm a22000003a 4500
001 stu209335
005 20150617230104.8
008 100818s2010------------------------slo-d
040 |a STU  |b slo 
041 0 |a slo 
100 1 |a Morvay, Tomáš,  |d 1984-  |4 aut  |u E  |T FEI Fakulta elektrotechniky a informatiky  |X 20903  |U E  |Y 30  |7 A000020903 
242 0 0 |a Regulation of raw material moisture in the production of bricks  |y eng 
245 1 |a Regulácia vlhkosti suroviny pri výrobe tehál 
260 |a Bratislava :  |b STU v Bratislave FEI,  |c 2010 
300 |a 76 s 
650 7 |a priemyselná informatika  |2 stusub 
650 7 |a PID controller  |2 estusub 
650 7 |a automatizácia  |2 stusub 
650 7 |a Aplikovaná informatika  |2 stusub 
650 7 |a regulátory  |2 stusub 
700 1 |a Dúbravská, Mária,  |d 1953-  |4 ths  |u E011  |U FEI Fakulta elektrotechniky a informatiky  |T FEI Ústav robotiky a kybernetiky  |X 4931  |U E011  |Y 356  |7 A000004931 
856 4 |a info a plný text  |u http://is.stuba.sk/zp/portal_zp.pl?podrobnosti=50625  |3 VAIS 
996 |b 284ER00223  |c E*Bc-223  |l EE23  |s P  |a 0  |w stu209335_0001